000 00739nam a2200205Ii 4500
003 JO-AjNU
008 230605s9999||||xx |||||||||||||| ||und||
040 _aJO-AjNU
_bara
_erda
_cJO-AjNU
041 _aara
050 1 4 _aTD163 1996
100 3 _aترجمة الخفاف ، رياض صالح ,
_eauthor
_934936
245 0 0 _aالتشجير وتجميل المدن والغابات تخطيط الطرق -انشاء الجسور
250 _aط2
264 3 1 _aبغداد : وزارة التعليم العالي ، 1996
300 _a248ص
336 _atext
_btxt
_2rdacontent
337 _aunmediated
_bn
_2rdamedia
338 _avolume
_bnc
_2rdacarrier
650 4 _aتجميل المدن-تخطيط المدن-تشجير
_934937
999 _aA14374
_c17942
_d17942